Políticas en Derechos Humanos enfocadas a la prevención de la violencia contra la mujer e intrafamiliar en República Dominicana, período 2016 / (Registro nro. 4631)
[ vista simple ]
| 000 -CABECERA | |
|---|---|
| campo de control de longitud fija | 01891nam a22002657a 4500 |
| 003 - IDENTIFICADOR DEL NÚMERO DE CONTROL | |
| campo de control | DO-SdBJH |
| 005 - FECHA Y HORA DE LA ÚLTIMA TRANSACCIÓN | |
| campo de control | 20191118222137.0 |
| 008 - DATOS DE LONGITUD FIJA--INFORMACIÓN GENERAL | |
| campo de control de longitud fija | 180807b ||||| |||| 00| 0 spa d |
| 040 ## - FUENTE DE LA CATALOGACIÓN | |
| Centro catalogador/agencia de origen | DO-SdBJH |
| Lengua de catalogación | spa |
| Centro/agencia transcriptor | DO-SdBJH |
| 090 ## - LOCALMENTE ASIGNADO TIPO-LC NÚMERO DE CLASIFICACIÓN (OCLC); NÚMERO DE CLASIFICACIÓN LOCAL (RLIN) | |
| Número de clasificación (OCLC) (R) ; Numero de clasificación, CALL (RLIN) (NR) | TG EGDDHHyDIH |
| Número cutter local (OCLC) ; Número de libro/Signatura topográfica íntegra, CALL (RLIN) | 01216 2017 |
| 100 1# - ENTRADA PRINCIPAL--NOMBRE DE PERSONA | |
| Nombre de persona | Presinal Guerrero, Scarlet M. |
| Término indicativo de función/relación | sustentante |
| 245 10 - MENCIÓN DE TÍTULO | |
| Título | Políticas en Derechos Humanos enfocadas a la prevención de la violencia contra la mujer e intrafamiliar en República Dominicana, período 2016 / |
| Mención de responsabilidad, etc. | Scarlet M. Presinal Guerrero, asesores Rosa Francia Burgos, Lilian Carrasco |
| 260 ## - PUBLICACIÓN, DISTRIBUCIÓN, ETC. | |
| Lugar de publicación, distribución, etc. | Santo Domingo : |
| Nombre del editor, distribuidor, etc. | INSUDE, |
| Fecha de publicación, distribución, etc. | 2017 |
| 300 ## - DESCRIPCIÓN FÍSICA | |
| Extensión | xi, 97 páginas, ilustraciones-cuadros-fotos en el anexo |
| 502 ## - NOTA DE TESIS | |
| Nota de tesis | Tesis (Especialidad en Derechos Humanos y Derecho Internacional Humanitario) -- Instituto Superior para la Defensa (INSUDE). Escuela de Graduados en Derechos Humanos y Derecho Internacional Humanitario, 2017 |
| 504 ## - NOTA DE BIBLIOGRAFÍA, ETC. | |
| Nota de bibliografía, etc. | Incluye referencias bibliográficas e índices |
| 505 ## - NOTA DE CONTENIDO CON FORMATO | |
| Nota de contenido con formato | Los Derechos Humanos y la prevención de la violencia contra la mujer e familiarmente en el sistema jurídico dominicano. -- Leyes y convenios internacionales en materia de los Derechos Humanos y la prevención de la violencia contra la mujer e intrafamiliar. -- Impacto de las políticas de Derechos Humanos e instituciones que trabajan para prevención de la violencia contra la mujer e intrafamiliar en el Distrito Nacional, periodo 2016 |
| 650 #4 - PUNTO DE ACCESO ADICIONAL DE MATERIA--TÉRMINO DE MATERIA | |
| Término de materia o nombre geográfico como elemento de entrada | Instituciones en la prevención de la violencia familiar -- Distrito Nacional |
| 650 #4 - PUNTO DE ACCESO ADICIONAL DE MATERIA--TÉRMINO DE MATERIA | |
| Término de materia o nombre geográfico como elemento de entrada | Naciones unidas - Igualdad de género -- Violencia contra la mujer |
| 650 #4 - PUNTO DE ACCESO ADICIONAL DE MATERIA--TÉRMINO DE MATERIA | |
| Término de materia o nombre geográfico como elemento de entrada | Derechos Humanos -- Violencia intrafamiliar |
| 700 1# - PUNTO DE ACCESO ADICIONAL--NOMBRE DE PERSONA | |
| Nombre de persona | Burgos, Rosa Francia |
| Término indicativo de función/relación | asesor |
| 700 1# - PUNTO DE ACCESO ADICIONAL--NOMBRE DE PERSONA | |
| Nombre de persona | Carrasco, Lilian |
| Término indicativo de función/relación | asesor |
| 830 ## - PUNTO DE ACCESO ADICIONAL DE SERIE-TÍTULO UNIFORME | |
| Título uniforme | INSUDE. Escuela de Graduados en Derechos Humanos y Derecho Internacional Humanitario. Tesis y disertaciones académicas |
| 942 ## - ELEMENTOS DE PUNTO DE ACCESO ADICIONAL (KOHA) | |
| Fuente del sistema de clasificación o colocación | Dewey Decimal Classification |
| Tipo de ítem Koha | Tesis |
| Estado de retiro | Estado de pérdida | Fuente del sistema de clasificación o colocación | Estado dañado | No para préstamo | Código de colección | Localización permanente | Ubicación/localización actual | Fecha de adquisición | Número de inventario | Total de préstamos | Signatura topográfica completa | Código de barras | Fecha visto por última vez | Número de copia | Precio válido a partir de | Tipo de ítem Koha |
|---|---|---|---|---|---|---|---|---|---|---|---|---|---|---|---|---|
| Dewey Decimal Classification | Préstamo Interno | Trabajos de Grado e Investigción | SIBM UNADE - Biblioteca Sede Central | SIBM UNADE - Biblioteca Sede Central | 08/07/2018 | 17-01216 | TG EGDDHHyDIH 01216 2017 | 17-01216 | 10/06/2018 | e.1 | 08/07/2018 | Tesis |
